00919nam a2200217 a 450000100100000000500170001000800410002702000180006804000250008608200110011110000310012224500430015326000300019630000210022650000630024759000260031095201240033695201090046095201150056999900170068400004864120201002061308.0190404s2014 dr 000 0 spa d a9780989719322 aDO-SdBNPbspacBNPHU axxbxx1 aSmith, Edgard1973-97608410aIsland boy :bpoesía /cEdgar Smith. aSanto Domingo :,c[s.n.]. a114 p. ;c24 cm. aIncluye datos biográficos del autor en la contracubierta aInventariado, 2019/VM 001054708DSaGRbGRcHDd2019-04-04iLF1l0oxx xxp48641-30r2020-06-25te. 3w2020-06-25yLFDSZPréstamo en sala 0010718PDaPDbPDcHDd2019-04-04iLF1l0oxx xxp48641-10r2020-06-25w2020-06-25yLFPDZNo se presta 0010718PDaPDbPDcHDd2019-04-04iLF1l0oxx xxp48641-20r2020-06-25te. 2w2020-06-25yLFPDZNo se presta c48129d48129